000 00491nam a2200181Ia 4500
001 11496
005 20260306162832.0
008 260306t2011||||xx |||||||||||||| ||spa||
041 _aESP
082 _a985.061
_bM12
100 _aMc Evoy, Carmen
_eAUT
245 0 _aGuerreros civilizadores:
_bpolítica, sociedad y cultura en Chile durante la Guerra del Pacífico
260 _c2011
300 _a431 páginas :
_c23 cm.
650 _aGEN
654 _aCHU
942 _cLIB
_dJUS
_fJUS
_2ddc
_n
999 _c11496
_d11496